Hoài Thanh với khát vọng Chân - Thiện - Mỹ : Tuyển tập các bài nghiên cứu mới nhất về cuộc đời và sự nghiệp văn học của Hoài Thanh nhân kỷ niệm 90 năm sinh nhà văn 1909 - 1999
Sách tuyển tập các bài nghiên cứu mới nhất về cuộc đời và sự nghiệp văn học của Hoài Thanh nhân kỷ niệm 90 năm sinh nhà văn (1909 - 1999).
में बचाया:
| स्वरूप: | पुस्तक |
|---|---|
| भाषा: | Undetermined |
| प्रकाशित: |
Hà Nội
Hội Nhà Văn
2000
|
| विषय: | |
| टैग : |
टैग जोड़ें
कोई टैग नहीं, इस रिकॉर्ड को टैग करने वाले पहले व्यक्ति बनें!
|
| Thư viện lưu trữ: | Trung tâm Học liệu Trường Đại học Cần Thơ |
|---|
| LEADER | 01044nam a2200229Ia 4500 | ||
|---|---|---|---|
| 001 | CTU_36434 | ||
| 008 | 210402s9999 xx 000 0 und d | ||
| 020 | |b 32.000đ | ||
| 020 | |c 32000 | ||
| 082 | |a 809 | ||
| 082 | |b H404 | ||
| 245 | 0 | |a Hoài Thanh với khát vọng Chân - Thiện - Mỹ : | |
| 245 | 0 | |b Tuyển tập các bài nghiên cứu mới nhất về cuộc đời và sự nghiệp văn học của Hoài Thanh nhân kỷ niệm 90 năm sinh nhà văn 1909 - 1999 | |
| 245 | 0 | |c Từ Sơn, Phan Hồng Giang biên soạn | |
| 260 | |a Hà Nội | ||
| 260 | |b Hội Nhà Văn | ||
| 260 | |c 2000 | ||
| 520 | |a Sách tuyển tập các bài nghiên cứu mới nhất về cuộc đời và sự nghiệp văn học của Hoài Thanh nhân kỷ niệm 90 năm sinh nhà văn (1909 - 1999). | ||
| 650 | |a Vietnamese literature | ||
| 650 | |x History and criticism | ||
| 904 | |i Minh | ||
| 980 | |a Trung tâm Học liệu Trường Đại học Cần Thơ | ||